Innovativität und Produktivität durch betriebliche Weiterbildung : Eine empirische Analyse in mittelständischen Unternehmen /

Guardado en:
Detalles Bibliográficos
Autores principales: Gebert, Diether (Autor), Steinkamp, Thomas (Autor)
Formato: Libro
Lenguaje:alemán
Publicado: Stuttgart : C.E.Poeschel Verlag, 1990
Materias:
Etiquetas: Agregar Etiqueta
Sin Etiquetas, Sea el primero en etiquetar este registro!

MARC

LEADER 00000nam a22000003a 4500
001 stu44337
005 20150617225718.2
008 950308s1990----gw------------------ger-d
020 |a 3-7910-0519-7 
040 |a STU  |b slo 
041 0 |a ger 
044 |a gw 
080 |a 331.86  |7 stu_us_auth*stu7993 
100 1 |a Gebert, Diether  |4 aut 
245 1 |a Innovativität und Produktivität durch betriebliche Weiterbildung :  |b Eine empirische Analyse in mittelständischen Unternehmen /  |c [aut.]Diether Gebert, Thomas Steinkamp 
260 |a Stuttgart :  |b C.E.Poeschel Verlag,  |c 1990 
300 |a 245 s 
650 7 |a vzdelávanie podnikové  |2 stusub 
650 7 |a podniky  |2 stusub 
650 7 |a vzdelávanie  |2 stusub 
700 1 |a Steinkamp, Thomas  |4 aut 
996 |b 284M025636  |c M*8924-1  |l MMKN  |s A  |a 24  |w stu44337_0001